00359 a2200145 4500003000400000005001700004008004100021020001500062040000900077082001900086100002600105245003400131260003900165300000900204OSt20231226122248.0231226b |||||||| |||| 00| 0 eng d a8181431596 coclc a891.433bLIM/H aLimbale, Sharankumar  aHINDU /cSharan Kumar Limbale aNew Delhi:bVani Prakashan,c2009. a150p